ნორმალური ფორმატი
MARC ფორმატი
ჩანაწერი Corporate Name
ჩანაწერთა რაოდენობა, რომელიც გამოყენებულია: 1
001 - CONTROL NUMBER
- control field: 4611
003 - CONTROL NUMBER IDENTIFIER
- control field: GE_BSU
005 - DATE AND TIME OF LATEST TRANSACTION
- control field: 20191008115728.0
008 - FIXED-LENGTH DATA ELEMENTS
- fixed length control field: 191008|| aca||aabn | a|a d
040 ## - CATALOGING SOURCE
- Original cataloging agency: GE_BSU
- Transcribing agency: GE_BSU
110 ## - HEADING--CORPORATE NAME
- Corporate name or jurisdiction name as entry element: საქ. სსრ მეცნ. აკად. ენისა და ლიტ-რის განყ-ბა
670 ## - SOURCE DATA FOUND
- Source citation: Work cat.: (GE_BSU)38331: ჯადოგნიშვილი, თ. 4610, ქართული ფოლკლორისტიკის სათავეებთან /
